| 000 | 00762nam a2200205 4500 | ||
|---|---|---|---|
| 005 | 20220506120901.0 | ||
| 008 | 220506s2014 sz |||gr|||| 00| 0 eng d | ||
| 020 | _a9783319096797 | ||
| 040 |
_aCO-BoUCM _bspa _cDeissy Garcia _dDeissy Garcia |
||
| 041 | 0 | _aeng | |
| 100 | 1 |
_9174595 _aWaldmann, Stefan |
|
| 245 | 1 | 0 |
_aTopology _ban introduction _cStefan Waldmann |
| 260 |
_aCham, Suiza _bSpringer _c2014 |
||
| 300 | _axii, 136 páginas | ||
| 500 | _aBibliografía Básica - Escuela de Ingeniería, Ciencia y Tecnología - Pregrado en Matemáticas Aplicadas y Ciencias de la Computación | ||
| 504 | _aIncluye referencias bibliográficas | ||
| 650 | 7 |
_925523 _aTopología |
|
| 942 |
_2DEWEY _cLIBRO _a25 _e1 _h514 _mW164t _n0 |
||
| 999 |
_c321106 _d321106 |
||